Hemp scores high with BRE (Record no. 71152)
[ view plain ]
| 000 -LEADER | |
|---|---|
| fixed length control field | 01043cam a2200217 4500 |
| 001 - CONTROL NUMBER | |
| control field | WB3834-04 |
| 008 - FIXED-LENGTH DATA ELEMENTS--GENERAL INFORMATION | |
| fixed length control field | 020916n2002 000 0 eng u |
| 035 ## - SYSTEM CONTROL NUMBER | |
| System control number | (Sirsi) u119689 |
| 245 ## - TITLE STATEMENT | |
| Title | Hemp scores high with BRE |
| 260 ## - PUBLICATION, DISTRIBUTION, ETC. | |
| Date of publication, distribution, etc. | 2002 |
| 490 ## - SERIES STATEMENT | |
| Series statement | Building Design |
| Volume/sequential designation | (1547) 13 September 2002, 4(1) |
| 520 ## - SUMMARY, ETC. | |
| Summary, etc. | The Building Research Establishment (BRE) and Suffolk Housing Society have been researching the use of the hemp plant as a sustainable building material. A study into the material found that hemp homes equalled the performance of traditional homes in thermal retention, durability, permeability and waste minimisation, although costing 10% more to build. Further information available from the Suffolk Housing Society at www.suffolkhousing.org/pages/hempage.html |
| 590 ## - LOCAL NOTE (RLIN) | |
| Local note | WB |
| 650 ## - SUBJECT ADDED ENTRY--TOPICAL TERM | |
| Topical term or geographic name entry element | HEMP |
| 650 ## - SUBJECT ADDED ENTRY--TOPICAL TERM | |
| Topical term or geographic name entry element | BUILDING RESEARCH ESTABLISHMENT |
| 650 ## - SUBJECT ADDED ENTRY--TOPICAL TERM | |
| Topical term or geographic name entry element | BRE |
| 650 ## - SUBJECT ADDED ENTRY--TOPICAL TERM | |
| Topical term or geographic name entry element | BUILT ENVIRONMENT-BUILDING MATERIALS |
| 650 ## - SUBJECT ADDED ENTRY--TOPICAL TERM | |
| Topical term or geographic name entry element | SUSTAINABLE HOUSING |
| 690 ## - LOCAL SUBJECT ADDED ENTRY--TOPICAL TERM (OCLC, RLIN) | |
| Topical term or geographic name as entry element | BUILT ENVIRONMENT-SUSTAINABLE CONSTRUCTION |
| 942 ## - ADDED ENTRY ELEMENTS (KOHA) | |
| Suppress in OPAC | 0 |
| Withdrawn status | Lost status | Source of classification or shelving scheme | Damaged status | Not for loan | Home library | Current library | Shelving location | Date acquired | Total Checkouts | Full call number | Barcode | Date last seen | Copy number | Price effective from | Koha item type |
|---|---|---|---|---|---|---|---|---|---|---|---|---|---|---|---|
| Dewey Decimal Classification | London | London | News article | 16/09/2002 | WB3834-04 | 119689-1001 | 06/08/2019 | 1 | 06/08/2019 | News article |